书目信息 |
| 题名: |
中文版InDesign精美排版从入门到精通
|
|
| 作者: | 龙飞 主编 | |
| 分册: | ||
| 出版信息: | 上海 上海科学普及出版社 2012 |
|
| 页数: | 356页 | |
| 开本: | 26cm | |
| 丛书名: | ||
| 单 册: | ||
| 中图分类: | TS803.23 | |
| 科图分类: | ||
| 主题词: | 电子排版--应用软件 | |
| 电子资源: | ||
| ISBN: | 978-7-5427-5126-3 | |
| 000 | 00952nam0 2200253 450 | |
| 001 | 1015 | |
| 005 | 20161008083815.55 | |
| 010 | @a978-7-5427-5126-3@dCNY45.00 | |
| 100 | @a20120521d2012 em y0chiy50 ea | |
| 101 | 0 | @achi |
| 102 | @aCN@b310000 | |
| 105 | @aa z 000yy | |
| 200 | 1 | @a中文版InDesign精美排版从入门到精通@9zhong wen ban InDesign jing mei pai ban cong ru men dao jing tong@f龙飞主编 |
| 210 | @a上海@c上海科学普及出版社@d2012 | |
| 215 | @a356页@c图@d26cm@e1光盘 | |
| 300 | @a附光盘 | |
| 307 | @a附光盘:ISBN 978-7-900518-47-7 | |
| 330 | @a本书讲解了InDesign CS5软件的基础知识、基本版面设计、图文排版应用、文字排版应用、表格排版以及书籍排版等内容,为读者提供了120多个应用技巧点拨、180多个典型技能案例和480多分钟语音教学视频。 | |
| 606 | 0 | @a电子排版@x应用软件 |
| 610 | 0 | @aInDesign |
| 690 | @aTS803.23@v5 | |
| 701 | 0 | @a龙飞@9long fei@c(计算机)@4主编 |
| 801 | 0 | @aCN@b唐山师范学院图书馆@c20160830 |
| 905 | @aZUCC@dTS803.23@e67 | |
| 中文版InDesign精美排版从入门到精通/龙飞主编.-上海:上海科学普及出版社,2012 |
| 356页:图;26cm+1光盘 |
| 附光盘 |
| ISBN 978-7-5427-5126-3:CNY45.00 |
| 本书讲解了InDesign CS5软件的基础知识、基本版面设计、图文排版应用、文字排版应用、表格排版以及书籍排版等内容,为读者提供了120多个应用技巧点拨、180多个典型技能案例和480多分钟语音教学视频。 |
| ● |
| 相关链接 |
|
|
|
|
正题名:中文版InDesign精美排版从入门到精通
索取号:TS803.23/67
 
预约/预借
| 序号 | 登录号 | 条形码 | 馆藏地/架位号 | 状态 | 备注 |
| 1 | 906553 | 209065535 | 第二样本阅览室/ [索取号:TS803.23/67] | 在馆 | |
| 2 | 906554 | 209065544 | 第三借阅区/ [索取号:TS803.23/67] | 在馆 | |
| 3 | 906555 | 209065553 | 第三借阅区/ [索取号:TS803.23/67] | 在馆 |